000 00494nam a22001697a 4500
005 20251108171730.0
008 250721s1984 xx 000 0 ara d
082 1 4 _aم/922.13/حجر
100 1 _aالعسقلاني، أحمد بن علي ...بن حجر
245 1 0 _aكتاب تهذيب التهذيب /
264 1 _aبيروت :
_bدار الفكر،
_c1984.
300 _a14ج
650 1 7 _aالمحدثون
650 1 7 _aرجال الحديث
942 _2ddc
_cREF
999 _c61097
_d61097